| Поле | Инд. | ПП | Название | Значение |
|---|---|---|---|---|
| Тип записи | a | |||
| Библиографический уровень | a | |||
| 001 | Контрольный номер | 312f2841775e47af8214822f238f75b7 | ||
| 005 | Дата корректировки | 20200512133700.1 | ||
| 100 | a | Данные общей обработки | 20180821 ||| 0rusy0189 ca | |
| 101 | 0_ | a | Язык текста | rus |
| 102 | a | Страна публикации | RU | |
| 200 | 1_ | a | Заглавие | Научно-практическое правовое заключение представителей юридического сообщества на законопроект Верховного Суда РФ о внесении изменений в процессуальное законодательство |
| 210 | d | Дата издания | 2018 | |
| 461 | _0 | 1 | 2000 | |
| a | Российский судья | |||
| 463 | _0 | 1 | 2000 | |
| a | №3 | |||
| v | С. 52-57 | |||
| 1 | 2101 | |||
| d | 2018 | |||
| 1 | 00116f14ab4b610419dafd3beaeda6577f5 | |||
| 606 | a | Основная рубрика | Суд | |
| 610 | 0_ | a | Ключевые слова | ВЕРХОВНЫЙ СУД РФ |
| a | Ключевые слова | СУДЕБНАЯ СИСТЕМА | ||
| a | Ключевые слова | РЕФОРМЫ | ||
| 801 | _0 | a | Страна | RU |
| b | Организация | РГУП | ||
| c | Дата составления | 20180821 | ||
| g | Правила каталогизации | PSBO | ||
| 801 | _1 | a | Страна | RU |
| b | Организация | РГУП | ||
| c | Дата составления | 20180821 | ||
| g | Правила каталогизации | PSBO | ||
| 901 | t | Тип документа | b | |
| w | Контрольный № источника | 16f14ab4b610419dafd3beaeda6577f5 | ||
| 905 | a | Дата ввода | 20180821 |